hope ur ok - Olivia Rodrigo (All Lyrics) - Statistics

General Stats
  • This quiz has been taken 50 times
  • The average score is 210 of 240
Answer Stats
Lyrics % Correct
a
100%
A
100%
But
100%
but
100%
But,
100%
Hope
100%
hope
100%
I
100%
My
100%
my
100%
okay
100%
that
100%
the
100%
you
100%
your
100%
you're
100%
And
97%
and
97%
boy
97%
go
97%
in
97%
know
97%
was
97%
He
94%
he
94%
how
94%
is
94%
it
94%
nothing
94%
there,
94%
to
94%
we
94%
We
94%
were
94%
when
94%
Where
94%
all
91%
am
91%
butterfly
91%
knew
91%
love
91%
of
91%
on
91%
out
91%
see
91%
with
91%
With
91%
as
88%
created
88%
friend
88%
His
88%
his
88%
holes
88%
if
88%
into
88%
letters
88%
miss
88%
much,
88%
proud
88%
She
88%
she
88%
their
88%
who
88%
about
85%
Address
85%
again
85%
Bible
85%
Don't
85%
don't
85%
forever,
85%
good
85%
hatred?
85%
hatred
85%
her
85%
Her
85%
house
85%
more
85%
once
85%
own
85%
parents
85%
school
85%
wings
85%
brothers
82%
cared
82%
'cause
82%
'Cause
82%
child
82%
courage
82%
just
82%
loved
82%
monsters
82%
say
82%
seems
82%
talk
82%
Than
82%
unlearn
82%
bad
79%
blood
79%
creep
79%
every
79%
family
79%
gotta
79%
hated
79%
I'll
79%
middle
79%
Nothing's
79%
small
79%
someday
79%
up
79%
close
76%
college
76%
dad
76%
grew
76%
made
76%
raised
76%
alone
73%
being
73%
brought
73%
Does
73%
fell
73%
flush
73%
long
73%
royal
73%
took
73%
wait
73%
world
73%
blond
70%
couldn't
70%
door
70%
drum
70%
hard
70%
played
70%
touch
70%
wore
70%
band
67%
clouds
67%
deal
67%
eyes
67%
happier
67%
iron
67%
marching
67%
sleeves
67%
tired
67%
today
67%
God,
64%
merely
64%
salt
64%
somehow,
61%
Well,
52%
won't
52%
towhead
48%
No matching quizzes found
Score Distribution
Percent of People with Each Score
Percentile by Number Answered
Your Score History
You have not taken this quiz